书目信息 |
| 题名: |
设计表达
|
|
| 作者: | 邵龙 , 赵晓龙 编著 | |
| 分册: | ||
| 出版信息: | 北京 中国建筑工业出版社 2006.12 |
|
| 页数: | 274页 | |
| 开本: | 26cm | |
| 丛书名: | ||
| 单 册: | ||
| 中图分类: | TU-856 | |
| 科图分类: | ||
| 主题词: | 环境设计--huan jing she ji--高等学校--教材 | |
| 电子资源: | ||
| ISBN: | 7-112-08552-7 | |
| 000 | 00889nam0 2200253 450 | |
| 001 | 367803 | |
| 005 | 20080828093953.95 | |
| 010 | @a7-112-08552-7@dCNY45.00 | |
| 100 | @a20021211d2006 ekmy0chiy0121 ea | |
| 101 | 0 | @achi |
| 102 | @aCN@b110000 | |
| 105 | @aa a 000yy | |
| 200 | 1 | @a设计表达@Ashe ji biao da@f邵龙, 赵晓龙编著 |
| 210 | @a北京@c中国建筑工业出版社@d2006.12 | |
| 215 | @a274页@c图@d26cm | |
| 300 | @a中国建筑学会室内设计分会推荐 高等院校环境艺术设计专业指导教材 | |
| 320 | @a有书目 (第273-274页) | |
| 330 | @a本书从多个角度及方法对室内环境的设计表达进行了综合性阐述,共分四个章节,每一章都介绍了可采用的表达方式的种类、特征和表现效果,并附有图例。 | |
| 606 | 0 | @a环境设计@Ahuan jing she ji@x高等学校@j教材 |
| 690 | @aTU-856@v4 | |
| 701 | 0 | @a邵龙@Ashao long@4编著 |
| 701 | 0 | @a赵晓龙@Azhao xiao long@4编著 |
| 801 | 0 | @aCN@c20080828 |
| 905 | @aZUCC@dTU-856@eS331 | |
| 设计表达/邵龙, 赵晓龙编著.-北京:中国建筑工业出版社,2006.12 |
| 274页:图;26cm |
| 中国建筑学会室内设计分会推荐 高等院校环境艺术设计专业指导教材 |
| ISBN 7-112-08552-7:CNY45.00 |
| 本书从多个角度及方法对室内环境的设计表达进行了综合性阐述,共分四个章节,每一章都介绍了可采用的表达方式的种类、特征和表现效果,并附有图例。 |
| ● |
| 相关链接 |
|
|
|
正题名:设计表达
索取号:TU-856/S331
 
预约/预借
| 序号 | 登录号 | 条形码 | 馆藏地/架位号 | 状态 | 备注 |
| 1 | 676016 | 206760165 | 建筑库101/101建筑库 18排4列2层/ [索取号:TU-856/S331] | 在馆 | |
| 2 | 676017 | 206760174 | 建筑库101/101建筑库 18排2列3层/ [索取号:TU-856/S331] | 在馆 | |
| 3 | 676018 | 206760183 | 建筑库101/101建筑库 18排2列3层/ [索取号:TU-856/S331] | 在馆 |